000 00476nam a22001937a 4500
003 MPLRDC
005 20220104143907.0
008 210129b ||||| |||| 00| 0 eng d
020 _a983-9159-90-9
082 _a859.4 SJTH-6 v.4
100 _a焕伦 主编
245 _a变鹳的国王
_c
250 _a初版
260 _a
_b东阳出版社
_c1998
300 _b
490 _a世界童话名著彩色版
650 _a童话故事
942 _cBK
_o859.4 SJTH-6 v.4
999 _c44385
_d44375